An introduction to MADHYA PRADESH (General Knowledge} (Record no. 215775)
[ view plain ]
| 000 -LEADER | |
|---|---|
| fixed length control field | 00758nam a22002177a 4500 |
| 005 - DATE AND TIME OF LATEST TRANSACTION | |
| control field | 20260410103157.0 |
| 010 ## - LCCN (DPL NO) | |
| LC control number | ENG-147982 |
| 020 ## - INTERNATIONAL STANDARD BOOK NUMBER | |
| International Standard Book Number | 9789364442374 |
| Terms of availability | 595.00 |
| 035 ## - SYSTEM CONTROL NUMBER | |
| System control number | EN-131514 |
| 037 ## - SOURCE OF ACQUISITION | |
| Source of stock number/acquisition | DBAD |
| 082 ## - DEWEY DECIMAL CLASSIFICATION NUMBER | |
| Classification number | 954.21 |
| Edition number | 1 |
| 100 ## - MAIN ENTRY--PERSONAL NAME | |
| Personal name | Tripathi Snehil |
| 245 ## - TITLE STATEMENT | |
| Title | An introduction to MADHYA PRADESH (General Knowledge} |
| Statement of responsibility, etc | Snehil Tripathi |
| Remainder of title | For MPPSC State Service and Other State Competitive Examinations |
| 250 ## - EDITION STATEMENT | |
| Edition statement | 1 |
| 260 ## - PUBLICATION, DISTRIBUTION, ETC. (IMPRINT) | |
| Place of publication, distribution, etc | India |
| Name of publisher, distributor, etc | McGraw Hill Education Private Limited |
| Date of publication, distribution, etc | 2026 |
| 270 ## - ADDRESS | |
| Address | Anjana complex no: 5/90A, Butt Road, St. Thomas Mount, |
| City | chennai |
| State or province | 600016 |
| 300 ## - PHYSICAL DESCRIPTION | |
| Extent | vpp. |
| Dimensions | 24cm(pb) |
| 490 ## - SERIES STATEMENT | |
| Volume number/sequential designation | 1,4,5,6,7,8 |
| 700 ## - ADDED ENTRY--PERSONAL NAME | |
| Personal name | Sonali Bansal , Pavan Chaudhary |
| 9 (RLIN) | 88786 |
| 942 ## - ADDED ENTRY ELEMENTS (KOHA) | |
| Source of classification or shelving scheme | Dewey Decimal Classification |
| Item type | English Books |
| Classification part | 954.21 |
| Call number suffix | Tri |
| Edition | 1 |
| Withdrawn status | Lost status | Not for loan | Collection code | Home library | Current library | Date acquired | Source of acquisition | Cost, normal purchase price | Full call number | Barcode | Copy number | Cost, replacement price | Koha item type |
|---|---|---|---|---|---|---|---|---|---|---|---|---|---|
| Non-fiction | Sarojini Nagar | Sarojini Nagar | 27/03/2026 | DBAD | 595.00 | 954.21 Tri | EN-131514 | 1 | 595.00 | English Books |
